Leyes Nos. 19.726 a 19.750: decretos con fuerza de ley, tratados internacionales, sumario

Guardat en:
Dades bibliogràfiques
Format: Llibre
Idioma:espanyol
Publicat: Santiago Jurídica de Chile 2002
Col·lecció:Colección Textos Legales, 161
Matèries:
Etiquetes: Afegir etiqueta
Sense etiquetes, Sigues el primer a etiquetar aquest registre!

MARC

LEADER 00000nam a2200000 a 4500
001 UCM8345
003 CL-VaPUC
008 030307e20020000CL |||||||||||||||||spa|d
082 0 4 |a 348.022  |b LEY  |2 21 
245 1 0 |a Leyes Nos. 19.726 a 19.750: decretos con fuerza de ley, tratados internacionales, sumario 
300 |a 214 p 
942 |c BK 
945 |d 20030307 00:00:00  |a cmena 
260 |a Santiago  |b Jurídica de Chile  |c 2002 
650 0 |a Tratados internacionales   |9 256056 
650 0 |a Derecho internacional  |9 255637 
650 7 |a LEGISLACION CHILENA  |2 CL-VaPUC  |9 404063 
583 |a last modification  |c 20030307 00:00:00  |k Rodrigo Vera 
490 0 |a Colección Textos Legales, 161 
999 |c 302881  |d 302879